00912 2200289 4500001002100000005001500021035002000036007000300056008004100059040002200100082001400122084001600136090001800152245014700170300003800317500002700355500002600382650001300408850001200421041000800433264006000441336002100501337003000522338002300552100002700575990002000602INLIS00000000086386220211229092114 a0010-0821000561ta210304s1913 xx f jav d aYOPDYOGbindcrda04223a305.8 a305.8 KRO v aL 305.8 KRO v10aVerhandelingen van het Bataviaasch genootschap van kunsten en wetenschappen :boud=Javaansche oorkonden nagelaten transscripties /cN. J. Krom a267 halaman :bilustrasi ;c27 cm aTeks dalam bahasa Jawa aYang diterima deel LX 4aEtnologi aYOPDYOG ajav31aBatavia - S' Hage :bAlbrecht & Co. - M. Nijhoff,c1913 2rdacontentateks 2rdamediaatanpa perantara 2rdacarrieravolume1 aKrom, J. L. Aepenulis a67705-PD/A.2021